Statistiques concernant Focus sur: Tauriel - Tolkien

Cliquez ici pour prendre le quiz!

Statistiques générales

  • Ce quiz a été pris 37 fois
  • Le résultat moyen est 8 sur 10

Statistiques - réponses

Informations recherchéesRéponses% Correct
EspèceElfe
100%
Première apparitionBilbo le Hobbit (film)
97%
Couleur des cheveuxRoux
94%
RoyaumeRoyaume Sylvestre de Thranduil
94%
"Père adoptif"Thranduil
84%
Age durant lequel elle vécutTroisième (au moins)
81%
ForêtForêt de Grand'Peur
78%
Profession et titreCapitaine de la garde elfique du Royaume Sylvestre
75%
Actrice l'interprétant dans les filmsEvangeline Lilly
56%
Groupe de l'espèceSindar
50%

Distribution des résultats

Percentile par nombre de réponses

% des personnes avec chaque résultat

Votre développement - résultats

Vous n’avez pas pris ce quiz